|
|
|
|
| LEADER |
00000nab a2200000uu 4500 |
| 001 |
vtls011484395 |
| 003 |
SK-MaSNL |
| 005 |
20260303155308.0 |
| 008 |
230222|1962 xo |||||||||||||||||slo| |
| 015 |
|
|
|a SNBRB
|
| 035 |
|
|
|a (urnnbn)urn:nbn:sk:snk:ar-0076ym
|
| 035 |
|
|
|a (uuid)68727f00-0cec-4dda-b551-7b1e318012d7
|
| 035 |
|
|
|a urn:nbn:sk:snk-abdb0b
|
| 040 |
|
|
|a SNKBUCL
|b slo
|c SNKBUCL
|e AACR2
|
| 041 |
0 |
|
|a slo
|
| 044 |
|
|
|a xo
|c SK
|
| 100 |
1 |
|
|a Komloš, Karol,
|d 1928-1997
|4 aut
|9 222642
|
| 245 |
1 |
0 |
|a SKÚSENOSTI SO STANOVENÍM MIERY ZHUTNENIA ČERSTVÉHO BETÓNU
|c Karol Komloš
|
| 773 |
0 |
|
|t Stavba : časopis pre techniku a ekonomiku stavebníctva
|g Roč. 9, č. 10 (1962), s. 289-291
|
| 954 |
|
|
|a odborná, vedecká literatúra pôvodná (slovenská)
|2 lita
|
| 958 |
|
|
|a OND
|
| 958 |
|
|
|a EUIPO
|
| 958 |
|
|
|a article18
|
| 999 |
|
|
|c 2039430
|d 2041360
|